| 000 | 00507nam a22001697a 4500 | ||
|---|---|---|---|
| 020 | _qHard Cover | ||
| 082 | _aBEE-5 | ||
| 100 | _aAwan, Maaz Ali | ||
| 245 |
_aPipe-Line Inspection Robot / _cMaaz Ali Awan : Ashraf Ali Khan |
||
| 260 |
_aIslamabad : _bSEECS NUST, _c2012. |
||
| 300 |
_a81 p. : _c30cm. |
||
| 563 | _ahbk | ||
| 700 |
_aDr. Sohail Iqbal _919817 |
||
| 856 | _uhttp://10.250.8.41:8080/xmlui/handle/123456789/10835 | ||
| 942 |
_2ddc _cPR |
||
| 999 |
_c566060 _d566060 |
||